Úpadok ľavicových strán v kontexte regiónu V4

Úpadok ľavice ako dôsledok prechodu od triednej politiky smerom k politike identity. Teoretické východiská ľavicovej politiky a vývoj ľavicových strán v regióne V4.

Gespeichert in:
Bibliographische Detailangaben
1. Verfasser: Szabó, Jakub, 1996-
Format: Buchkapitel
Sprache:Slowakisch
Schlagworte:
Tags: Tag hinzufügen
Keine Tags, Fügen Sie das erste Tag hinzu!

MARC

LEADER 00000naa a2200000 4500
001 0261191
005 20240502074139.4
041 0 |a slo 
044 |a SK 
245 1 0 |a Úpadok ľavicových strán v kontexte regiónu V4  |c Jakub Szabó 
520 |a Úpadok ľavice ako dôsledok prechodu od triednej politiky smerom k politike identity. Teoretické východiská ľavicovej politiky a vývoj ľavicových strán v regióne V4. 
610 2 0 |a politika 
610 2 0 |a strany politické 
610 2 0 |a identita 
610 2 0 |a analýza regresná 
610 2 0 |a Vyšehradská štvorka 
100 1 |a Szabó, Jakub, 1996-